| 000 | 00771nam a22002297a 4500 | ||
|---|---|---|---|
| 001 | 74344 | ||
| 003 | UA-OsUOA | ||
| 005 | 20220810145215.0 | ||
| 007 | ta | ||
| 008 | 20110405b un ||||| |||| 00| 0 ukr d | ||
| 020 | _a9660232411 | ||
| 040 |
_aUA-OsUOA _bukr _cUA-OsUOA _dUA-OsUOA |
||
| 041 | _aukr | ||
| 080 | _a[016:929] (477) | ||
| 090 |
_a[016:929] (477) _bК53 |
||
| 245 | _aКнижкові джерела української біографістики у фондах Національної бібліотеки України імені В.І.Вернадського | ||
| 260 |
_aК. _bНБУВ _c2006 |
||
| 300 | _a204 с. | ||
| 650 | 7 |
_a01 Бібліографія і бібліографії. Каталоги _2UDC |
|
| 942 |
_cBK _2udc |
||
| 955 | _a2 | ||
| 999 |
_c360633 _d360633 |
||